000 00293nam a22001337a 4500
008 170704b xxu||||| |||| 00| 0 eng d
020 _a2901563673664
041 _aeng
080 _a82
100 _a22
101 _agjl
245 _aTHE MEANINGS OF DRESS
_cDAMHORST, M.L
942 _2udc
_cBK
999 _c19879
_d19879